00233nam a2200097Ia 4500008004100000100001900041245002300060260002800083942000700111999001700118190216s9999||||xx |||||||||||||| ||und|| aNambeeshan C N 0aAdhunika Bouthikam bKerala Bhasha Institute cBK c39936d39936